| 000 | 00616nam a2200229 a 4500 | ||
|---|---|---|---|
| 001 | BRL_1196 | ||
| 005 | 20190320211058.0 | ||
| 008 | 261113s1942----sz-a######---#000-0#ger-# | ||
| 041 | _ager | ||
| 044 | _asz | ||
| 050 | 4 |
_aND553.D3 _b.G73 1942 |
|
| 100 | 1 |
_aGraber, Hans _922986 |
|
| 245 | 1 | 0 |
_aEdgar Degas nach eigenen und fremden zeugnissen _cHans Graber. |
| 250 | _a2., erweiterte aufl | ||
| 260 |
_aBasel _bBenno Schwabe _c1942 |
||
| 300 |
_a247 p. _bil. _c24 cm. |
||
| 500 | _aAu1395 | ||
| 600 | 1 | 4 |
_aDegas, Edgar _d1834-1917 _926080 |
| 650 | 1 | 4 |
_aPintores franceses _97726 |
| 902 | _aGRL | ||
| 942 |
_2lcc _cB |
||
| 999 |
_c10008 _d10008 |
||